| 000 | 00704nam a2200217 a 4500 | ||
|---|---|---|---|
| 999 |
_c10606 _d10606 |
||
| 001 | 10606 | ||
| 003 | BD-JhCC | ||
| 005 | 20180729075628.0 | ||
| 008 | 180729s2018 bg |||| |||| 000 0 ben d | ||
| 020 | _a9789840859005 | ||
| 035 | _a(BD-JhCC)10606 | ||
| 040 |
_aBD-JhCC _dBD-JhCC |
||
| 041 | _aben | ||
| 082 |
_a302.2 _bHAS 2018 |
||
| 100 | _aহাসিনা, শেখ | ||
| 245 |
_aনির্বাচিত ১০০ ভাষণ : _b২০১৪-২০১৭ / _cশেখ হাসিনা |
||
| 260 |
_aঢাকা : _bজিনিয়াস, _c২০১৮. |
||
| 300 |
_a৫৫১ পৃ. : _bচিত্রাবলী; _c২৫ সেমি. |
||
| 650 | _aSpeech | ||
| 942 |
_2ddc _cBK |
||